| 000 | 00583nam a22001937a 4500 | ||
|---|---|---|---|
| 005 | 20130827121026.0 | ||
| 010 | _aENG-108065 | ||
| 020 |
_c495.00 _a9788171327003 |
||
| 035 | _aEN-91598 | ||
| 037 | _bDBAD/PUB | ||
| 082 | _a808.066 | ||
| 100 | _aSinha, Mosam | ||
| 245 | 0 | 0 |
_aHow to write thesis & research papers / _cby Mosam Sinha |
| 260 |
_aIndia _bPointer Publishers _c2012 |
||
| 270 |
_a807,Vyas Building, Chaura Rasta _bJaipur _e302003 |
||
| 300 |
_ax,141p. _c22cm(Hb) |
||
| 500 | _aIncludes bibliographical references | ||
| 942 |
_2ddc _cEN _mSIN _h808.066 |
||
| 999 |
_c78022 _d78022 |
||